Методы расчета связанных реакторных систем; Атомная энергия; Т. 97, вып. 6

Xehetasun bibliografikoak
Parent link:Атомная энергия: теоретический и научно-технический журнал/ Российская академия наук ; Министерство РФ по атомной энергии, ядерного общества.— , 1956-.— 0004-7163
Т. 97, вып. 6.— 2004.— с. 403-414
Egile nagusia: Гулевич А. В.
Beste egile batzuk: Кухарчук О. Ф.
Hizkuntza:errusiera
Argitaratua: 2004
Saila:Статьи
Gaiak:
Formatua: Liburu kapitulua
KOHA link:https://koha.lib.tpu.ru/cgi-bin/koha/opac-detail.pl?biblionumber=426176

MARC

LEADER 00000naa2a2200000 4500
001 426176
005 20231101074511.0
035 |a (RuTPU)RU\TPU\prd\84899 
035 |a RU\TPU\prd\33180 
090 |a 426176 
100 |a 20100630a2004 k y0rusy50 ca 
101 0 |a rus 
102 |a RU 
200 1 |a Методы расчета связанных реакторных систем  |f А. В. Гулевич, О. Ф. Кухарчук 
225 1 |a Статьи 
461 1 |0 (RuTPU)RU\TPU\prd\33  |x 0004-7163  |t Атомная энергия  |o теоретический и научно-технический журнал  |f Российская академия наук ; Министерство РФ по атомной энергии, ядерного общества  |d 1956- 
463 1 |0 (RuTPU)RU\TPU\prd\84898  |t Т. 97, вып. 6  |v с. 403-414  |d 2004 
610 1 |a нейтронная кинетика 
610 1 |a теоретические подходы 
610 1 |a связанные реакторные системы 
610 1 |a ректор-подкритическая сборка 
610 1 |a методы расчета 
675 |a 621.039.5  |v 3 
700 1 |a Гулевич  |b А. В. 
701 1 |a Кухарчук  |b О. Ф. 
801 1 |a RU  |b 63413507  |c 20050228  |g PSBO 
801 2 |a RU  |b 63413507  |c 20100630  |g RCR 
942 |c BK